Indias Economy in the new Millennium:selcted essays (Record no. 216400)
[ view plain ]
| 000 -LEADER | |
|---|---|
| fixed length control field | 00865nam a22002417a 4500 |
| 005 - DATE AND TIME OF LATEST TRANSACTION | |
| control field | 20240327120033.0 |
| 008 - FIXED-LENGTH DATA ELEMENTS--GENERAL INFORMATION | |
| fixed length control field | 210927b ||||| |||| 00| 0 eng d |
| 020 ## - INTERNATIONAL STANDARD BOOK NUMBER | |
| International Standard Book Number | 9788174764034 |
| 040 ## - CATALOGING SOURCE | |
| Original cataloging agency | AL |
| Transcribing agency | |
| 041 ## - LANGUAGE CODE | |
| Language code of text/sound track or separate title | eng |
| 082 ## - DEWEY DECIMAL CLASSIFICATION NUMBER | |
| Edition number | 23 |
| Classification number | 330.954 |
| Item number | JALI |
| 100 ## - MAIN ENTRY--PERSONAL NAME | |
| Personal name | Bimal Jalan |
| 100 ## - MAIN ENTRY--PERSONAL NAME | |
| 9 (RLIN) | 157237 |
| 245 ## - TITLE STATEMENT | |
| Title | Indias Economy in the new Millennium:selcted essays |
| 260 ## - PUBLICATION, DISTRIBUTION, ETC. | |
| Place of publication, distribution, etc. | New Delhi |
| Name of publisher, distributor, etc. | UBS Publishers distributors pvt Ltd |
| 300 ## - PHYSICAL DESCRIPTION | |
| Extent | xxxi,239 p. |
| Other physical details | HB |
| Dimensions | 21x14 cm |
| 365 ## - TRADE PRICE | |
| Price amount | ₹395.00 |
| Currency code | ₹ |
| Unit of pricing | ₹395.00 |
| 520 ## - SUMMARY, ETC. | |
| Summary, etc. | Essays on micro, macro economics by a leading Indian economist. includes papers on globalization, exchance issues, and banking. Focus on India, but plenty of comparative analysis. balanced, readable account |
| 650 ## - SUBJECT ADDED ENTRY--TOPICAL TERM | |
| Topical term or geographic name entry element | Economy |
| 9 (RLIN) | 401 |
| 650 ## - SUBJECT ADDED ENTRY--TOPICAL TERM | |
| Topical term or geographic name entry element | Finance |
| 9 (RLIN) | 402 |
| 650 ## - SUBJECT ADDED ENTRY--TOPICAL TERM | |
| Topical term or geographic name entry element | Banking |
| 9 (RLIN) | 403 |
| 700 ## - ADDED ENTRY--PERSONAL NAME | |
| Personal name | JALAN (Bimal) |
| 9 (RLIN) | 404 |
| 942 ## - ADDED ENTRY ELEMENTS (KOHA) | |
| Source of classification or shelving scheme | Dewey Decimal Classification |
| Koha item type | George Fernandes Collections |
| Withdrawn status | Lost status | Source of classification or shelving scheme | Damaged status | Not for loan | Collection code | Home library | Current library | Date acquired | Cost, normal purchase price | Total Checkouts | Full call number | Barcode | Date last seen | Date last checked out | Cost, replacement price | Price effective from | Koha item type |
|---|---|---|---|---|---|---|---|---|---|---|---|---|---|---|---|---|---|
| Dewey Decimal Classification | Economics | St Aloysius Library | St Aloysius Library | 03/24/2013 | 0.00 | 1 | 330.954 JALI | GF01767 | 09/29/2022 | 09/13/2022 | 0.00 | 09/27/2021 | George Fernandes Collections |